000 00536nam a2200169 i 4500
001 149971
003 ES-MaACL
005 20230906203329.0
007 t|
008 071025s1939 mx ||||1| spa d
100 1 _aValle, Rafael Heliodoro.
_9112775
245 1 0 _aCronología de la cultura /
_cpor Rafael Heliodoro Valle.
260 _aMonterrey (México) :
_b[s.n.],
_c1939.
300 _a34 p. ;
_c14 cm.
500 _aEs tirada aparte de : Previsión y seguridad. Almanaque anual 1940.
852 _aES-MaACL
_j1882-F-16
_bR.26130
999 _c149971
_d149971